00397cam a22001337a 4500008004000000020001600040082001300056100001700069245009600086260003200182300000900214650002100223700001900244180718b2003 xxu||||| |||| 00| 0 eng d a18004210833 aT33 Er44 aHarvey, Eric aEthics 4 everyone: a workshop on personal business ethicscby Eric Harvey and Scott Airitam aDallasbWalk The Talkc2003 a15p. aEthic --Business aAiritam, Scott